Sentencias a su hijo.

Saved in:
书目详细资料
主要作者: Paulo, Julio s.III d.C
其他作者: Irigoyen Trocnis, Martha Patricia (prólogo), Márquez Romero, Raúl (edición)
格式: 图书
语言:英语
出版: México, D.F., México: Universidad Nacional Autónoma de México, 1994.
版:Primera edición.
丛编:Bibliotheca Ivridica Latina Mexicana, 6.
主题:
标签: 添加标签
没有标签, 成为第一个标记此记录!

MARC

LEADER 00000nam a22000007a 4500
003 CL-VaPUC
005 20220822114418.0
008 220211t1994 ||||| |||| 00| 0 eng d
999 |c 434416  |d 434414 
020 |a 968-36-3472-9 
040 |c Pontificia Universidad Católica de Valparaíso 
082 |a 340.54 PAU 1994  |2 22 
100 |a Paulo, Julio  |9 866187  |d s.III d.C 
245 |a Sentencias a su hijo. 
250 |a Primera edición. 
260 |a México, D.F., México:   |b Universidad Nacional Autónoma de México,   |c 1994.  
300 |a 2 Volúmenes (Libro 1- Libro 2).  
490 |a Bibliotheca Ivridica Latina Mexicana, 6.  
500 |a c.1 Libro Segundo: Donación Familia Prof. Alejandro Guzmán Brito. 
505 |a L.2: Interpretatio.  
583 |c 20220211  |k Yessy Stephany Diaz Vidal 
600 |a Paulo, Julio  |d s.III d.C  |9 866187  |x sentencias 
650 0 |a Derecho romano  |9 255930  |x Interpretación  |x Construcción 
650 0 |a Jurisprudencia romana  |9 393300  |x Clásica  |x Posclásica 
650 0 |a Derecho civil romano  |9 417061 
700 |a Irigoyen Trocnis, Martha Patricia   |e prólogo  |9 866188 
700 |a Márquez Romero, Raúl  |e edición  |9 866189 
942 |2 ddc  |c BK  |n 0